Rehabilitation of the urban disadvantaged
| Beteiligte: | |
|---|---|
| Medienart: | Druck Buch |
| Sprache: | Englisch |
| Veröffentlicht: |
Springfield, Ill.
Thomas
1973
|
| In: |
American lecture series (890)
Jahr: 1973 |
| Bestand in Tübingen: | In Tübingen vorhanden. UB: KB 3 A 905 UB: KB 6 A 354 |
| Verfügbarkeit prüfen: | HBZ Gateway |
| Subito Bestelldienst: | Jetzt bestellen. |
| Schlagwörter: |
MARC
| LEADER | 00000cam a2200000 c 4500 | ||
|---|---|---|---|
| 001 | 1094395609 | ||
| 003 | DE-627 | ||
| 005 | 20251224220547.0 | ||
| 007 | tu | ||
| 008 | 910606s1973 xx ||||| 00| ||eng c | ||
| 035 | |a (DE-627)1094395609 | ||
| 035 | |a (DE-576)024395609 | ||
| 035 | |a (DE-599)BSZ024395609 | ||
| 035 | |a (OCoLC)00802790 | ||
| 040 | |a DE-627 |b ger |c DE-627 |e rakwb | ||
| 041 | |a eng | ||
| 082 | 0 | |a 362.8/5 | |
| 084 | |a 2,1 |2 ssgn | ||
| 245 | 0 | 0 | |a Rehabilitation of the urban disadvantaged |c [ed. by] John G. Cull ... |
| 264 | 1 | |a Springfield, Ill. |b Thomas |c 1973 | |
| 300 | |a XIII, 215 S. | ||
| 336 | |a Text |b txt |2 rdacontent | ||
| 337 | |a ohne Hilfsmittel zu benutzen |b n |2 rdamedia | ||
| 338 | |a Band |b nc |2 rdacarrier | ||
| 490 | 1 | |a American lecture series |v 890 | |
| 583 | 1 | |a Archivierung prüfen |c 20200919 |f DE-640 |z 3 |2 pdager | |
| 650 | 0 | |a Rehabilitation, Vocational |x United States |x Case studies |2 DE-289 | |
| 650 | 0 | |a Handicapped |x Rehabilitation |x United States |2 DE-289 | |
| 700 | 1 | |a Cull, John G. |e Hrsg. |4 edt | |
| 830 | 0 | |a American lecture series |v 890 |9 890 |w (DE-627)130724041 |w (DE-576)000433934 |w (DE-600)972510-6 |x 0099-5371 |7 am | |
| 951 | |a BO | ||
| ELC | |b 1 | ||
| LOK | |0 000 xxxxxcx a22 zn 4500 | ||
| LOK | |0 001 2165567327 | ||
| LOK | |0 003 DE-627 | ||
| LOK | |0 004 1094395609 | ||
| LOK | |0 005 20020606000000 | ||
| LOK | |0 008 910606||||||||||||||||ger||||||| | ||
| LOK | |0 040 |a DE-21 |c DE-627 |d DE-21 | ||
| LOK | |0 852 |a DE-21 | ||
| LOK | |0 852 1 |c KB 6 A 354 |9 00 | ||
| LOK | |0 935 |a krim | ||
| LOK | |0 936ln |a k8.7.7 | ||
| LOK | |0 939 |a 06-06-91 |b l01 | ||
| LOK | |0 000 xxxxxcx a22 zn 4500 | ||
| LOK | |0 001 2165567335 | ||
| LOK | |0 003 DE-627 | ||
| LOK | |0 004 1094395609 | ||
| LOK | |0 005 19960423000000 | ||
| LOK | |0 008 960423||||||||||||||||ger||||||| | ||
| LOK | |0 040 |a DE-21 |c DE-627 |d DE-21 | ||
| LOK | |0 852 |a DE-21 | ||
| LOK | |0 852 1 |c KB 3 A 905 |9 00 | ||
| LOK | |0 935 |a krim | ||
| LOK | |0 939 |a 23-04-96 |b l02 | ||
| LOK | |0 000 xxxxxcx a22 zn 4500 | ||
| LOK | |0 001 3061256377 | ||
| LOK | |0 003 DE-627 | ||
| LOK | |0 004 1094395609 | ||
| LOK | |0 005 20190314164440 | ||
| LOK | |0 008 190314||||||||||||||||ger||||||| | ||
| LOK | |0 040 |a DE-Frei85 |c DE-627 |d DE-Frei85 | ||
| LOK | |0 852 |a DE-Frei85 | ||
| LOK | |0 852 1 |m p |9 00 | ||
| LOK | |0 935 |a reko | ||
| LOK | |0 938 |k p | ||
| LOK | |0 939 |a 14-03-19 |b l01 | ||
| ORI | |a SA-MARC-krimdoka001.raw | ||
| SIG | |a UB: KB 3 A 905 | ||
| SIG | |a UB: KB 6 A 354 | ||
